Priame adaptívne riadenie systémov so vstupným dopravným oneskorením

Saved in:
Bibliographic Details
Main Authors: Murgaš, Ján, 1951- (Author), Farkas, Ľudovít, 1984- (Author)
Other Authors: Alexík, Mikuláš (Reviewer), Fikar, Miroslav, 1966- (Reviewer)
Format: Book
Language:Slovak
Published: Bratislava : FELIA, 2014
Edition:1. vyd.
Series:Edícia: Kybernetika
Tags: Add Tag
No Tags, Be the first to tag this record!

MARC

LEADER 00000nam a22000003a 4500
001 0003482
003 SK-STU
005 20220317192218.5
007 ta
008 150317s ----xo-----e------000-0-----d
020 |a 978-80-971512-5-6 
040 |a STU  |b slo 
041 0 |a slo 
100 1 |a Murgaš, Ján,  |d 1951-  |u E011  |r Z1  |4 aut  |9 50  |U FEI Fakulta elektrotechniky a informatiky  |T FEI Ústav robotiky a kybernetiky  |X 4933  |U E011  |Y 356  |7 A000004933 
242 0 1 |a Direct adaptive control of systems with input delays  |y eng 
245 1 0 |a Priame adaptívne riadenie systémov so vstupným dopravným oneskorením  |c aut. Ján Murgaš, Ľudovít Farkas 
250 |a 1. vyd. 
260 |a Bratislava :  |b FELIA,  |c 2014 
300 |a 116 s. 
490 1 |a Edícia: Kybernetika 
700 1 |a Farkas, Ľudovít,  |d 1984-  |u E011  |r Z2  |4 aut  |9 50  |U FEI Fakulta elektrotechniky a informatiky  |T FEI Ústav robotiky a kybernetiky  |X 11037  |U E011  |Y 356  |7 A000011037 
700 1 |a Alexík, Mikuláš  |r Z5  |4 rev 
700 1 |a Fikar, Miroslav,  |d 1966-  |u C7220  |r Z1  |4 rev  |U FCHPT Ústav informatizácie, automatizácie a matematiky  |T FCHPT Oddelenie informatizácie a riadenia procesov  |X 3374  |U C7220  |Y 121  |7 A000003374 
996 |b 284EO00457  |c E*O-457  |l EE0104  |s P  |a 0  |w 0003482_0001